000 00619cam a2200205 4500500
005 20260405000933.0
041 _afre
042 _adc
100 1 0 _aWilliams, Patrick
_eauthor
245 0 0 _aElsa Zylberstein, Pascal Bruckner. Les experts
260 _c2010.
500 _a86
690 _aApparence
690 _aElsa Zylberstein
690 _aPascal Bruckner
690 _aScandale
690 _aSéduction
786 0 _nPhilosophie magazine | 40 | 6 | 2010-06-01 | p. 21-23 | 1951-1787
856 4 1 _uhttps://shs.cairn.info/magazine-philosophie-magazine-2010-6-page-21?lang=fr&redirect-ssocas=7080
999 _c2042364
_d2042364